000
00238nam a22001217a 4500
003
SGT
082
_b
KUM
100
_a
KUMAR, MUNESH
245
_a
KLA SHIKSHAN
260
_a
DELHI
_b
INDIAN PUB.
_c
2008
300
_a
224
942
_2
ddc
_c
BK
999
_c
19932
_d
19932